| 000 | 00000nas##2200000za#4500 |
| 001 | 9.504160 |
| 003 | CaOODSP |
| 005 | 20200331213427 |
| 007 | cr ||||||||||| |
| 008 | 150406c2002||||xxc|| p o||||f| |0fre|d |
| 040 | |aCaOODSP|bfre |
| 043 | |an-cn--- |
| 086 | 1 |aCW71-7F-PDF |
| 110 | 1 |aCanada. |bEnvironnement Canada. |
| 245 | 10|aBulletins du Bureau de baguage - bulletin des bagueurs d'oiseaux |h[ressource électronique] |
| 246 | 1 |iTitre de renvoi : |aBulletins du Bureau de baguage - bulletin des maîtres-bagueurs |
| 260 | |aOttawa - Ontario : |bEnvironnement Canada |
| 310 | |aIrrégulier |
| 362 | 1 |aNuméro 78, été 2002-- |
| 775 | 08|tBanding office newsletters - memorandum to banders |w(CaOODSP)9.507780 |